Joint international business ventures in developing countries
Kaydedildi:
| Yazar: | |
|---|---|
| Materyal Türü: | Kitap |
| Dil: | Undetermined |
| Baskı/Yayın Bilgisi: |
New York
Columbia University Press
1971
|
| Konular: | |
| Etiketler: |
Etiketle
Etiket eklenmemiş, İlk siz ekleyin!
|
| Thư viện lưu trữ: | Trung tâm Học liệu Trường Đại học Cần Thơ |
|---|
| LEADER | 00549nam a2200181Ia 4500 | ||
|---|---|---|---|
| 001 | CTU_82373 | ||
| 008 | 210402s9999 xx 000 0 und d | ||
| 082 | |a 332 | ||
| 082 | |b F911 | ||
| 100 | |a Friedmann, Wolfgang G. | ||
| 245 | 0 | |a Joint international business ventures in developing countries | |
| 245 | 0 | |c Wolfgang G. Friedmann | |
| 260 | |a New York | ||
| 260 | |b Columbia University Press | ||
| 260 | |c 1971 | ||
| 650 | |a International business enterprises | ||
| 904 | |i Trọng Hải | ||
| 980 | |a Trung tâm Học liệu Trường Đại học Cần Thơ | ||